000 00843nam a22002657a 4500
005 20170124110226.0
010 _aA-258038
020 _c00.00
_a041638160
035 _aA-258038
037 _bCen Lib/Ret
040 _aDPL
_bEN
082 _a616.8
_bMEN
245 _aMental deficiency the changing outlook /
_cedited by ANN M. Clarke;Alan D.B. Crarke [and] Joseph M. Berg
250 _a4th ed
260 _aLondon
_bMethuen AND cO.
_c1958
270 _a11, New Fetter Lane
_bLondon
300 _axix,834p.
_c23cm(Hb)
500 _aIncludes bibliographical reference and index
650 _aMental retardation
_940751
650 _aMental efficiency
_940752
700 _910555
_a Clarke, ANN M.
700 _aCrarke, Alan D.B.
_940753
700 _a Berg, Joseph M.
_940754
942 _2ddc
_cEN
_h616.8
_mMEN
999 _c134446
_d134446